Logos des villes de France - Statistiques

Statistiques générales
  • Ce quiz a été pris 44 fois
  • Le résultat moyen est 12 sur 20
Statistiques - réponses
Par images Réponse % Correct
Paris
100%
Marseille
92%
Lyon
89%
Toulouse
89%
Toulouse
89%
Nantes
86%
Rennes
84%
Montpellier
81%
Nice
81%
Bordeaux
76%
Angers
51%
Metz
49%
Saint Etienne
41%
Amiens
35%
Le Havre
35%
Toulon
35%
Le Mans
32%
Dijon
30%
Limoges
27%
Aix en Provence
19%
Aucun quiz correspondant
Distribution des résultats
% des personnes avec chaque résultat
Percentile par nombre de réponses
Votre historique - résultats
Vous n’avez pas pris ce quiz